[Event "Leyland op"]
[Site "Leyland"]
[Date "2019.08.26"]
[Round "5"]
[White "Ross, Stuart"]
[Black "Taylor, Mark"]
[Result "1/2-1/2"]
[WhiteElo "1635"]
[BlackElo "1755"]
[PlyCount "53"]
[EventDate "2019.08.24"]
[EventType "swiss"]
[EventRounds "6"]
[EventCountry "ENG"]
[SourceTitle "EXT 2020"]
[Source "ChessBase"]
[SourceDate "2019.10.17"]
[SourceVersion "1"]
[SourceVersionDate "2019.10.17"]
[SourceQuality "1"]

1. e4 c5 2. Nf3 d6 3. d4 cxd4 4. Nxd4 Nf6 5. Nc3 a6 6. Bg5 e6 7. f4 Qb6 8. Qd2 Qxb2 9. Rb1 Qa3 10. f5 b5 11. fxe6 fxe6 12. Be2 Be7 13. 0-0 Qc5 14. Be3 Qc7 15. Bf3 e5 16. Nf5 Bxf5 17. exf5 Nc6 18. Nd5 Nxd5 19. Qxd5 Rc8 20. Bh5+ Kd8 21. Rfd1 Nd4 22. Bxd4 exd4 23. Rxd4 Qxc2 24. Rbd1 Qc5 25. Bg4 Qxd5 26. Rxd5 Rc4 27. Bf3 1/2-1/2

[Event "Leyland op"]
[Site "Leyland"]
[Date "2019.08.26"]
[Round "6"]
[White "Taylor, Mark"]
[Black "Vassiliou, Chris"]
[Result "1-0"]
[WhiteElo "1755"]
[BlackElo "1903"]
[PlyCount "63"]
[EventDate "2019.08.24"]
[EventType "swiss"]
[EventRounds "6"]
[EventCountry "ENG"]
[SourceTitle "EXT 2020"]
[Source "ChessBase"]
[SourceDate "2019.10.17"]
[SourceVersion "1"]
[SourceVersionDate "2019.10.17"]
[SourceQuality "1"]

1. e4 c5 2. Nf3 e6 3. d4 cxd4 4. Nxd4 a6 5. g3 b5 6. Bg2 Bb7 7. 0-0 Nf6 8. Qe2 d6 9. b3 Qc7 10. Bb2 Be7 11. Nd2 0-0 12. c4 b4 13. f4 Nc6 14. Nxc6 Bxc6 15. g4 Rfe8 16. g5 Nd7 17. Rf3 e5 18. Rh3 exf4 19. Qh5 Nf8 20. Rf1 Bd8 21. Rxf4 Ra7 22. Rhf3 Re7 23. Rh4 Qa5 24. Rf5 Qxa2 25. Bxg7 Kxg7 26. g6 Nxg6 27. Qxh7+ Kf8 28. Qxg6 Ke8 29. Qxd6 Qb2 30. Qxc6+ Kf8 31. Rd5 Qc1+ 32. Nf1 1-0

[Event "Bolton Easter op"]
[Site "Bolton"]
[Date "2019.04.21"]
[Round "4"]
[White "Owen, Dennis P"]
[Black "Taylor, Mark"]
[Result "1-0"]
[WhiteElo "1956"]
[BlackElo "1755"]
[PlyCount "87"]
[EventDate "2019.04.19"]
[EventType "swiss"]
[EventRounds "5"]
[EventCountry "ENG"]
[SourceTitle "CBM 190 Extra"]
[Source "ChessBase"]
[SourceDate "2019.07.15"]
[SourceVersion "1"]
[SourceVersionDate "2019.07.15"]
[SourceQuality "1"]

1. e4 c5 2. Nf3 d6 3. d4 cxd4 4. Nxd4 Nf6 5. Nc3 a6 6. Be2 e6 7. Be3 Be7 8. Qd2 Qc7 9. 0-0 Nc6 10. f3 0-0 11. Nxc6 Qxc6 12. Kh1 b5 13. a3 Bb7 14. Rac1 Rac8 15. Bd3 d5 16. exd5 Nxd5 17. Nxd5 exd5 18. c3 f5 19. Rcd1 Rcd8 20. f4 Rd6 21. Bd4 Rh6 22. Be2 Rd8 23. Bf3 Bh4 24. Kg1 Re6 25. Bf2 Bf6 26. Bd4 Be7 27. Rfe1 Bc5 28. Rxe6 Bxd4+ 29. Qxd4 Qxe6 30. a4 Bc6 31. axb5 axb5 32. b3 Rd7 33. Kf1 h6 34. Re1 Qd6 35. b4 Kh7 36. Re5 Qf6 37. Bxd5 Rd8 38. Qc5 Qh4 39. Bxc6 Qxf4+ 40. Bf3 Qxh2 41. Qxb5 Qh1+ 42. Kf2 Qh4+ 43. Ke2 Qf4 44. Re3 1-0

[Event "Bolton Easter op"]
[Site "Bolton"]
[Date "2019.04.20"]
[Round "3"]
[White "Taylor, Mark"]
[Black "Tyton, Adam"]
[Result "1/2-1/2"]
[WhiteElo "1755"]
[BlackElo "1891"]
[PlyCount "97"]
[EventDate "2019.04.19"]
[EventType "swiss"]
[EventRounds "5"]
[EventCountry "ENG"]
[SourceTitle "CBM 190 Extra"]
[Source "ChessBase"]
[SourceDate "2019.07.15"]
[SourceVersion "1"]
[SourceVersionDate "2019.07.15"]
[SourceQuality "1"]

1. e4 c6 2. d4 d5 3. exd5 cxd5 4. Bd3 Nc6 5. c3 Nf6 6. Nd2 Bg4 7. Qb3 Qc8 8. h3 Bd7 9. Ngf3 e6 10. Ne5 Be7 11. Qd1 0-0 12. 0-0 a6 13. a4 Qc7 14. f4 g6 15. Qe2 Nh5 16. Qe1 Qd8 17. Ndf3 Na5 18. Bc2 Rc8 19. g4 Ng7 20. b3 Nc6 21. Ra2 Qc7 22. Bd2 Qd8 23. Bd3 Na5 24. Qd1 Nc6 25. Qe1 Rc7 26. Kg2 Qc8 27. Nxc6 Bxc6 28. Qe2 Qd8 29. Be1 Rc8 30. Qd1 Qc7 31. Ne5 Be8 32. Bc2 f6 33. Nd3 Bc6 34. Bb1 Bd6 35. Raf2 Rce8 36. Bd2 b5 37. Bc2 bxa4 38. bxa4 a5 39. Qe2 Qd7 40. Qd1 Rb8 41. Kg1 Ne8 42. f5 exf5 43. gxf5 g5 44. Rg2 Ng7 45. Qf3 Rbe8 46. h4 h6 47. Nf2 Rb8 48. hxg5 hxg5 49. Ng4 1/2-1/2

[Event "Bolton Easter op"]
[Site "Bolton"]
[Date "2019.04.19"]
[Round "2"]
[White "Taylor, Mark"]
[Black "Cukovs, Oleg"]
[Result "1-0"]
[WhiteElo "1755"]
[BlackElo "1910"]
[PlyCount "61"]
[EventDate "2019.04.19"]
[EventType "swiss"]
[EventRounds "5"]
[EventCountry "ENG"]
[SourceTitle "CBM 190 Extra"]
[Source "ChessBase"]
[SourceDate "2019.07.15"]
[SourceVersion "1"]
[SourceVersionDate "2019.07.15"]
[SourceQuality "1"]

1. e4 e5 2. Nf3 Nf6 3. Nxe5 d6 4. Nf3 Nxe4 5. d3 Nf6 6. Be2 Be7 7. 0-0 0-0 8. d4 Re8 9. c4 d5 10. b3 b6 11. Bb2 Bb7 12. Nc3 Nbd7 13. Rc1 Rc8 14. Re1 c5 15. cxd5 Nxd5 16. Nxd5 Bxd5 17. Ba6 Rc7 18. dxc5 Nxc5 19. Bb5 Rf8 20. Be5 Rc8 21. b4 Bxf3 22. Qxf3 Qd2 23. Bc3 Qg5 24. bxc5 Rxc5 25. a4 Rfc8 26. Re3 Bf6 27. Rce1 h5 28. Re8+ Rxe8 29. Rxe8+ Kh7 30. Bd3+ g6 31. Qxf6 1-0

[Event "BCF-chT3N 1819 (4NCL)"]
[Site "England"]
[Date "2019.03.16"]
[Round "7.54"]
[White "Johnson, Michael D"]
[Black "Taylor, Mark"]
[Result "1/2-1/2"]
[WhiteElo "1954"]
[BlackElo "1855"]
[PlyCount "100"]
[EventDate "2018.11.10"]
[EventType "team-swiss"]
[EventRounds "11"]
[EventCountry "ENG"]
[SourceTitle "EXT 2021"]
[Source "ChessBase"]
[SourceDate "2020.10.23"]
[SourceVersion "1"]
[SourceVersionDate "2020.10.23"]
[SourceQuality "1"]
[WhiteTeam "Spirit of Atticus II"]
[BlackTeam "Manchester Manticores III"]
[WhiteTeamCountry "ENG"]
[BlackTeamCountry "ENG"]

1. Nf3 Nf6 2. g3 g6 3. Bg2 Bg7 4. 0-0 0-0 5. d4 c5 6. c4 cxd4 7. Nxd4 d5 8. cxd5 Nxd5 9. Nb5 e6 10. N1c3 a6 11. Nxd5 exd5 12. Nd4 b6 13. Bf4 Bb7 14. Rc1 Re8 15. Bxb8 Qxb8 16. e3 Qd6 17. Qd2 Rac8 18. Bf3 Rxc1 19. Rxc1 Re7 20. b3 Rd7 21. Rc2 Bf6 22. Bg4 Rc7 23. Rxc7 Qxc7 24. Qc2 Qc5 25. Qd2 Kg7 26. Ne2 g5 27. Bf3 Bc6 28. Qd3 Bb5 29. Qf5 d4 30. Be4 Qxf5 31. Bxf5 d3 32. Nd4 Bxd4 33. exd4 d2 34. Bg4 Bd3 35. Bd1 Kf6 36. f3 Ke6 37. Kf2 Kd5 38. Ke3 Bb1 39. a3 f5 40. f4 g4 41. a4 b5 42. axb5 axb5 43. b4 Kc4 44. Kxd2 Kxb4 45. Be2 Ba2 46. Bd3 Be6 47. Kc2 Bb3+ 48. Kb2 Be6 49. Bb1 h6 50. Bd3 Bd7 1/2-1/2

[Event "BCF-chT3N 1617 (4NCL)"]
[Site "England"]
[Date "2017.05.01"]
[Round "11.72"]
[White "Taylor, Mark"]
[Black "Dean, Robert A"]
[Result "1/2-1/2"]
[WhiteElo "1847"]
[BlackElo "1839"]
[PlyCount "86"]
[EventDate "2016.11.26"]
[EventType "team-swiss"]
[EventRounds "11"]
[EventCountry "ENG"]
[SourceTitle "EXT 2019"]
[Source "ChessBase"]
[SourceDate "2018.10.10"]
[SourceVersion "1"]
[SourceVersionDate "2018.10.10"]
[SourceQuality "1"]
[WhiteTeam "Manchester Manticores IV"]
[BlackTeam "Bradford DCA Knights III"]
[WhiteTeamCountry "ENG"]
[BlackTeamCountry "ENG"]

1. e4 e6 2. d4 d5 3. Nc3 Bb4 4. e5 c5 5. Bd2 Nh6 6. Nb5 Bxd2+ 7. Qxd2 0-0 8. dxc5 Nc6 9. f4 f6 10. Nf3 fxe5 11. fxe5 Nf7 12. Qe3 Qa5+ 13. c3 Bd7 14. b4 Qa4 15. Nbd4 Ne7 16. Bd3 Nh6 17. 0-0 Nef5 18. Qd2 Nxd4 19. Nxd4 Nf7 20. Rae1 a5 21. a3 axb4 22. axb4 Qa2 23. Qe3 Nh6 24. Qh3 Qd2 25. Rxf8+ Rxf8 26. Qe3 Qa2 27. h3 Kh8 28. Qe2 Qa3 29. Qc2 g6 30. Nb3 Qa8 31. c4 dxc4 32. Qxc4 Nf5 33. b5 Ne7 34. Nd4 Qa5 35. Rd1 Nd5 36. Qc1 Qa4 37. Bc4 Nc3 38. Bb3 Qxd4+ 39. Rxd4 Ne2+ 40. Kh2 Nxc1 41. Bc4 Bxb5 42. Bxb5 Nb3 43. Rc4 Na5 1/2-1/2

[Event "BCF-chT3N 1617 (4NCL)"]
[Site "England"]
[Date "2017.04.30"]
[Round "10.52"]
[White "Somton, Anita"]
[Black "Taylor, Mark"]
[Result "1-0"]
[WhiteElo "1952"]
[BlackElo "1847"]
[PlyCount "95"]
[EventDate "2016.11.26"]
[EventType "team-swiss"]
[EventRounds "11"]
[EventCountry "ENG"]
[SourceTitle "EXT 2019"]
[Source "ChessBase"]
[SourceDate "2018.10.10"]
[SourceVersion "1"]
[SourceVersionDate "2018.10.10"]
[SourceQuality "1"]
[WhiteTeam "Ashfield Breadsall II"]
[BlackTeam "Manchester Manticores IV"]
[WhiteTeamCountry "ENG"]
[BlackTeamCountry "ENG"]

1. d4 Nf6 2. c4 e6 3. g3 Bb4+ 4. Bd2 Qe7 5. Bg2 Bxd2+ 6. Qxd2 c5 7. Nf3 0-0 8. 0-0 d5 9. cxd5 Nxd5 10. dxc5 Qxc5 11. Rc1 Qb6 12. Qc2 Nd7 13. a3 h6 14. e4 Ne7 15. Nbd2 e5 16. Nc4 Qe6 17. Rd1 b5 18. Nd6 Ba6 19. Rac1 Nb6 20. Qc5 f6 21. Nxb5 Bxb5 22. Qxb5 Rac8 23. h3 Nc6 24. a4 Nb8 25. a5 Nc4 26. Bf1 Nd6 27. Qb4 Rxc1 28. Rxc1 Kh7 29. Rd1 Rd8 30. Kg2 Nc6 31. Qa4 Rc8 32. Ba6 Rc7 33. Bd3 Nb7 34. b4 Qd6 35. Bb5 Nd4 36. Nxd4 exd4 37. Bd3 g6 38. Rd2 h5 39. a6 Nd8 40. Rc2 Re7 41. b5 h4 42. Qc4 hxg3 43. fxg3 Ne6 44. Qc8 Qe5 45. Qc6 Qg5 46. Qd6 f5 47. exf5 gxf5 48. Bxf5+ 1-0

[Event "BCF-chT3N 1617 (4NCL)"]
[Site "England"]
[Date "2017.04.29"]
[Round "9.43"]
[White "Taylor, Mark"]
[Black "White, Mark"]
[Result "0-1"]
[WhiteElo "1847"]
[BlackElo "2028"]
[PlyCount "78"]
[EventDate "2016.11.26"]
[EventType "team-swiss"]
[EventRounds "11"]
[EventCountry "ENG"]
[SourceTitle "EXT 2019"]
[Source "ChessBase"]
[SourceDate "2018.10.10"]
[SourceVersion "1"]
[SourceVersionDate "2018.10.10"]
[SourceQuality "1"]
[WhiteTeam "Manchester Manticores IV"]
[BlackTeam "Jorvik"]
[WhiteTeamCountry "ENG"]
[BlackTeamCountry "ENG"]

1. e4 c5 2. Nf3 Nc6 3. d4 cxd4 4. Nxd4 Nf6 5. Nc3 e5 6. Ndb5 d6 7. Na3 Be7 8. Nc4 0-0 9. Ne3 Be6 10. g3 Qd7 11. Bg2 Rfd8 12. 0-0 Bh3 13. Ncd5 Bxg2 14. Nxf6+ Bxf6 15. Kxg2 Ne7 16. c4 Qc6 17. Qf3 b5 18. cxb5 Qxb5 19. Ng4 Qc4 20. Re1 Qe6 21. b3 d5 22. exd5 Qxd5 23. Re4 Rac8 24. Bb2 Ng6 25. Rae1 Re8 26. Ne3 Qd2 27. Re2 Qa5 28. a4 Rb8 29. Nc2 Qd5 30. b4 Qa2 31. Na3 Qd5 32. Nb5 Qc6 33. Qb3 a6 34. Nc3 Be7 35. f3 Red8 36. b5 Qc5 37. Rc4 Qd6 38. Bc1 Qe6 39. Nd1 Rxd1 0-1

[Event "Bolton 4NCL op-B 4th"]
[Site "Bolton"]
[Date "2015.09.13"]
[Round "4.6"]
[White "Taylor, Mark"]
[Black "Taylor, Robert Keith"]
[Result "0-1"]
[WhiteElo "1885"]
[BlackElo "1972"]
[PlyCount "58"]
[EventDate "2015.09.11"]
[EventType "swiss"]
[EventRounds "5"]
[EventCountry "ENG"]
[SourceTitle "EXT 2023"]
[Source "ChessBase"]
[SourceDate "2022.10.05"]
[SourceVersion "1"]
[SourceVersionDate "2022.10.05"]
[SourceQuality "1"]

1. e4 c5 2. Nf3 d6 3. d4 cxd4 4. Nxd4 Nf6 5. Nc3 a6 6. Bg5 e6 7. f4 Bd7 8. Qf3 Nc6 9. 0-0-0 Nxd4 10. Rxd4 Bc6 11. Rd1 Be7 12. Bd3 b5 13. Rhe1 0-0 14. g4 Qc7 15. Kb1 Rfc8 16. Bxf6 Bxf6 17. Nd5 exd5 18. exd5 Bb7 19. g5 Bxb2 20. Kxb2 Qc3+ 21. Kb1 Rc4 22. Re3 Qb4+ 23. Ka1 Rxf4 24. Bxh7+ Kxh7 25. Qh5+ Kg8 26. Rde1 Rf8 27. Re8 Qc3+ 28. Kb1 Rb4+ 29. Kc1 Qa1+ 0-1

[Event "BCF-chT3 1415 (4NCL)"]
[Site "England"]
[Date "2015.05.03"]
[Round "10.109"]
[White "Taylor, Mark"]
[Black "Webster, Richard J"]
[Result "1-0"]
[WhiteElo "1892"]
[BlackElo "1962"]
[PlyCount "55"]
[EventDate "2015.03.21"]
[EventType "team-swiss"]
[EventRounds "11"]
[EventCountry "ENG"]
[SourceTitle "EXT 2016"]
[Source "ChessBase"]
[SourceDate "2015.10.08"]
[SourceVersion "1"]
[SourceVersionDate "2015.10.08"]
[SourceQuality "1"]
[WhiteTeam "Leeds University Old Boys"]
[BlackTeam "e2e4.org.uk III"]
[WhiteTeamCountry "ENG"]
[BlackTeamCountry "ENG"]

1. d4 e6 2. c4 Nf6 3. Nf3 b6 4. a3 c5 5. d5 b5 6. Nc3 bxc4 7. e4 exd5 8. Nxd5 Be7 9. Bxc4 0-0 10. 0-0 Nc6 11. Nxe7+ Qxe7 12. Re1 Ne5 13. Nxe5 Qxe5 14. f4 Qc7 15. e5 Ne8 16. Bd2 g6 17. Bc3 Bb7 18. f5 Qc6 19. Qg4 Ng7 20. fxg6 hxg6 21. Rad1 Ne6 22. Rd6 Qc7 23. Re3 Kg7 24. Rh3 Rh8 25. Rxh8 Kxh8 26. Bd2 Qc8 27. Bxe6 dxe6 28. Bg5 1-0

[Event "BCF-chT3 1415 (4NCL)"]
[Site "England"]
[Date "2015.05.02"]
[Round "10.99"]
[White "Taylor, Robert P"]
[Black "Taylor, Mark"]
[Result "1-0"]
[WhiteElo "1990"]
[BlackElo "1892"]
[PlyCount "141"]
[EventDate "2015.03.21"]
[EventType "team-swiss"]
[EventRounds "11"]
[EventCountry "ENG"]
[SourceTitle "EXT 2016"]
[Source "ChessBase"]
[SourceDate "2015.10.08"]
[SourceVersion "1"]
[SourceVersionDate "2015.10.08"]
[SourceQuality "1"]
[WhiteTeam "Ashfield Breadsall"]
[BlackTeam "Manchester Manticores III"]
[WhiteTeamCountry "ENG"]
[BlackTeamCountry "ENG"]

1. d4 Nf6 2. Bg5 Ne4 3. Bf4 d5 4. f3 Nf6 5. Nc3 e6 6. e3 Bb4 7. Bd3 c5 8. Bb5+ Bd7 9. Bxd7+ Qxd7 10. Nge2 cxd4 11. exd4 Nc6 12. 0-0 0-0 13. a3 Be7 14. Qd2 Rac8 15. Nd1 Qd8 16. Kh1 Qb6 17. c3 Na5 18. Qd3 Nb3 19. Rb1 a5 20. Nf2 Nd7 21. Nc1 a4 22. Nxb3 Qxb3 23. Ng4 Rc6 24. Rfe1 f6 25. Ne3 Bd8 26. Re2 Bb6 27. Qc2 Qb5 28. Qd2 Rfc8 29. Rbe1 Nf8 30. Ng4 Kf7 31. Nf2 Bd8 32. Nd3 Be7 33. g4 Bxa3 34. bxa3 Rxc3 35. Nc5 Rxf3 36. Kg2 Rxa3 37. Bd6 Qc4 38. Bxf8 Rxf8 39. Nxe6 Re8 40. Qf4 Ra2 41. Rxa2 Qxa2+ 42. Kg1 Rxe6 43. Qc7+ Kg6 44. Rxe6 Qa1+ 45. Kg2 Qxd4 46. Qc2+ Kf7 47. Qe2 a3 48. Re7+ Kg6 49. Qc2+ Kh6 50. Qe2 a2 51. Qxa2 Qxg4+ 52. Kh1 Qd1+ 53. Kg2 Qg4+ 54. Kf1 Qd1+ 55. Re1 Qd3+ 56. Qe2 Qh3+ 57. Kg1 Qf5 58. Qe3+ Kh5 59. Rf1 Qg4+ 60. Qg3 Qd4+ 61. Kg2 Qb2+ 62. Rf2 Qd4 63. Qf4 Qa1 64. Qf5+ Kh6 65. Qxd5 Qb1 66. Qd2+ Kh5 67. Qc2 Qxc2 68. Rxc2 g5 69. Rc7 Kg6 70. Rxb7 h5 71. Kf3 1-0

[Event "Bolton Easter op"]
[Site "Bolton"]
[Date "2015.04.04"]
[Round "3"]
[White "Horton, Jamie A"]
[Black "Taylor, Mark"]
[Result "1-0"]
[WhiteElo "2045"]
[BlackElo "1877"]
[PlyCount "77"]
[EventDate "2015.04.03"]
[EventType "swiss"]
[EventRounds "5"]
[EventCountry "ENG"]
[SourceTitle "CBM 165 Extra"]
[Source "ChessBase"]
[SourceDate "2015.04.21"]
[SourceVersion "1"]
[SourceVersionDate "2015.04.21"]
[SourceQuality "1"]

1. e4 c5 2. Nf3 e6 3. g3 Nc6 4. Bg2 Nf6 5. Qe2 d6 6. 0-0 Ng4 7. c3 Nge5 8. Rd1 Qc7 9. Na3 a6 10. d4 Nxf3+ 11. Bxf3 Be7 12. Bg2 0-0 13. Be3 e5 14. d5 Nd8 15. b4 b5 16. Nc2 f5 17. exf5 Bxf5 18. bxc5 Qa5 19. Qd2 Qa4 20. Ne1 Nb7 21. c6 Na5 22. Nd3 Bf6 23. Nb2 Qa3 24. Qc1 Rac8 25. h3 h5 26. Kh2 Rc7 27. Bf1 Rcf7 28. Be2 Bg6 29. h4 Bxh4 30. gxh4 Rxf2+ 31. Bxf2 Rxf2+ 32. Kg3 Rxe2 33. Nd3 Qa4 34. Nb4 Nxc6 35. dxc6 Qa5 36. Re1 Rc2 37. Nxc2 Qxc3+ 38. Ne3 Qd4 39. Rf1 1-0